banner koha

Comportamento de cultivares de milho no Estado de Sergipe, 1 - Ensaios estaduais de rendimento, 1982, 1984 e 1985 (Registro n. 280657)

MARC details
000 -LÍDER
campo de controle de tamanho fixo 01044nac a22002897a 4500
001 - NÚMERO DE CONTROLE
campo de controle BR8707932
003 - IDENTIFICADOR DO NÚMERO DE CONTROLE
campo de controle BR-BrBNA
005 - DATA E HORÁRIO DA ÚLTIMA TRANSAÇÃO
campo de controle 20240105120638.0
008 - CAMPO DE DADOS FIXOS--INFORMAÇÃO GERAL
campo de controle de tamanho fixo 230509b bl.|||m| |||| 00| 0 por d
040 ## - FONTE DA CATALOGAÇÃO
Instituição da catalogação original BR-BrBNA
Idioma da catalogação por
Instituição que transcreveu o registro Biblioteca Nacional de Agricultura
072 ## - CÓDIGO DE CATEGORIA DE ASSUNTO
Código de Categoria de Assunto F03; F01
090 ## - NÚMERO DE CHAMADA LOCAL
Número de chamada 0120 BR8707932
100 1# - ENTRADA PRINCIPAL--NOME PESSOAL
Nome pessoal Carvalho, H.W.L. de
100 1# - ENTRADA PRINCIPAL--NOME PESSOAL
Nome pessoal Serpa, J.E.S.
110 1# - ENTRADA PRINCIPAL--NOME CORPORATIVO
Nome corporativo ou nome da jurisdição Centro Nacional de Pesquisa de Coco, Aracaju, SE (Brasil)
9 (RLIN) 1760
245 1# - TÍTULO
Título Comportamento de cultivares de milho no Estado de Sergipe, 1 - Ensaios estaduais de rendimento, 1982, 1984 e 1985
246 1# - FORMA VARIANTE DO TÍTULO
Título/título abreviado [Behavior of maize varieties in the state of Sergipe, 1 - yield, analysis, 1982, 1984 and 1985]
260 3# - PUBLICAÇÃO, DISTRIBUIÇÃO, ETC.
Local de publicação, distribuição, etc. Aracaju, SE (Brasil):
Data da publicação, distribuição, etc. 1987.
300 ## - DESCRIÇÃO FÍSICA
Extensão 7 p.
490 ## - TÍTULO DA SÉRIE
Título da série Comunicado Tecnico - Centro Nacional de Pesquisa de Coco (Brazil)
Número do volume ou designação sequencial da série no. 22
ISSN - International Standard Serial Number ISSN 0100-4867
650 ## - ASSUNTO--TERMO TÓPICO
Cabeçalho tópico ou nome geográfico MILHO
650 ## - ASSUNTO--TERMO TÓPICO
Cabeçalho tópico ou nome geográfico VARIEDADE
650 ## - ASSUNTO--TERMO TÓPICO
Cabeçalho tópico ou nome geográfico RENDIMENTO
650 ## - ASSUNTO--TERMO TÓPICO
Cabeçalho tópico ou nome geográfico SERGIPE
909 ## -
-- 202312
-- Lúcia Elande
-- 55
-- Lúcia Elande
942 ## - ELEMENTOS DE ENTRADA ADICIONADOS (KOHA)
Fonte da classificação ou esquema de arquivamento na estante Classificação AGRIS
Ocultar no OPAC Não
Tipo de material Koha Monografia Seriada
Exemplares
Situação do descarte Fonte da classificação ou esquema de arquivamento na estante Situação física Não pode ser emprestado Coleção Biblioteca de origem Biblioteca atual Localização na estante Total de empréstimos Número de telefone completo Código de barras Data de último acesso Tipo de material Koha Fonte de aquisição
  Classificação AGRIS       Biblioteca Nacional de Agricultura - Binagri Biblioteca Nacional de Agricultura - Binagri Agrobase - Acervo Geral   0120 BR8707932 0120 BR8707932 18/12/2023 Monografia Seriada Portaria Interministerial nº 164/94

BINAGRI

Telefone: (61)3218-2567/2388/3357/2097 - binagri@agro.gov.br

Ministério da Agricultura e Pecuária , Esplanada dos Ministérios, Bloco D, Anexo B, Brasília/DF, CEP: 70.043-900